00787ntm a2200241uu 4500001000800000005001700008008004100025035001200066040001300078041000800091080000900099110005100108245005900159260002300218300000800241490002900249650004500278650003900323650003300362942000900395999001900404952012200423114040120260507114010.0090504e19320527 spa  a1140401 ccomduadb aspa aGRJ/20aItagui (Antioquia). Alcaldia4auteaut982593110aCarta dirigida a Ricardo Jaramillo V y Dr. Canuto Toro aMedellín,c1932. a1 f0 aCorrespondencia recibida aSan Antonio de Prado (Medellín)942688 aArmas de fuego - Antioquia9111445 aPorte ilegal de armas967125 cBOOK c504522d504522 001040708ARCHaBCbBCd2009-05-04iC1044766l0oGRJ 30A, doc. 55, f. 77r2023-04-29 00:00:00t1w2023-04-29yMNIMP